Prototyping: the effective use of case technology
שמור ב:
| מחבר ראשי: | |
|---|---|
| פורמט: | ספר |
| שפה: | אנגלית |
| יצא לאור: |
Nueva York
Prentice Hall
1990
|
| נושאים: | |
| תגים: |
הוספת תג
אין תגיות, היה/י הראשונ/ה לתייג את הרשומה!
|
MARC
| LEADER | 00000nam a2200000 a 4500 | ||
|---|---|---|---|
| 001 | UCO9033 | ||
| 003 | CL-VaPUC | ||
| 008 | 010119e19900000US |||||||||||||||||eng|d | ||
| 082 | 0 | 4 | |a 005.1 |b VON |2 21 |
| 100 | 0 | |a Vonk, Roland |e author |9 454121 | |
| 245 | 1 | 0 | |a Prototyping: the effective use of case technology |
| 300 | |a 157 p | ||
| 942 | |c BK | ||
| 945 | |d 20010119 00:00:00 |a vberengu | ||
| 260 | |a Nueva York |b Prentice Hall |c 1990 | ||
| 650 | 7 | |a INGENIERIA DE SOFTWARE ASISTIDO POR COMPUTADOR |2 CL-VaPUC |9 454122 | |
| 583 | |a last modification |c 20010119 00:00:00 |k Rodrigo Vera | ||
| 999 | |c 293437 |d 293435 | ||
| 952 | |0 0 |1 0 |4 0 |6 005_100000000000000_VON_1990 |7 0 |8 A |9 344972 |a BIBING |b BIBING |d 2019-11-20 |i 368640K |o 005.1 VON 1990 |p 368640K |r 2025-01-20 |w 2019-11-20 |y BK |k EII | ||